Statystyki dla Wiedza na mapie #4 - 26 najludniejszych miast Europy!

Kliknij tutaj aby rozwiązać quiz!

Ogólne statystyki

  • Ten quiz został rozwiązany 76 razy
  • Średni wynik to 20 z 26

Statystyki odpowiedzi

HintOdpowiedź% Poprawnych
9 (Fr)2 140 526Paryż
97%
6 (Hi)3 223 334Madryt
96%
2 (Ro)12 615 279Moskwa
96%
14 (Po)1 802 237Warszawa
96%
5 (Ni)3 748 148Berlin
94%
8 (Wł)2 857 321Rzym
94%
15 (Wę)1 749 734Budapeszt
93%
20 (Cz)1 308 632Praga
93%
13 (Au)1 899 055Wiedeń
93%
16 (Hi)1 620 343Barcelona
91%
7 (Uk)2 950 819Kijów
91%
3 (An)9 126 366Londyn
91%
4 (Ro)5 383 890Sankt Petersburg
84%
1 (Tu)15 029 231Stambuł
84%
10 (Ru)2 106 144Bukareszt
82%
25 (Be)1 211 035Bruksela
79%
19 (Wł)1 395 274Mediolan
76%
11 (Bi)1 982 444Mińsk
76%
18 (Ni)1 456 039Monachium
76%
23 (Bu)1 238 438Sofia
67%
17 (Uk)1 461 128Charków
61%
12 (Ni)1,930,996Hamburg
60%
24 (An)1 223 000Birmingham
40%
22 (Ro)1 243 500Kazań
22%
21 (Ro)1 259 013Niżny Nowogród
21%
26 (Ro)1 170 910Samara
13%

Rozkład punktacji

Percentyl według liczby udzielonych odpowiedzi

Procent ludzi z każdym wynikiem

Twoja historia wyników

Nie rozwiązałeś tego quizu